Cutting edge; Advanced; Workbook
Wedi'i Gadw mewn:
| Prif Awdur: | |
|---|---|
| Fformat: | Llyfr |
| Iaith: | Undetermined |
| Cyhoeddwyd: |
England
Longman
2003
|
| Pynciau: | |
| Tagiau: |
Ychwanegu Tag
Dim Tagiau, Byddwch y cyntaf i dagio'r cofnod hwn!
|
| Thư viện lưu trữ: | Trung tâm Học liệu Trường Đại học Cần Thơ |
|---|
| LEADER | 00543nam a2200205Ia 4500 | ||
|---|---|---|---|
| 001 | CTU_65345 | ||
| 008 | 210402s9999 xx 000 0 und d | ||
| 020 | |b 88000 | ||
| 082 | |a 428.34 | ||
| 082 | |b M819wa | ||
| 100 | |a Peter Moor | ||
| 245 | 0 | |a Cutting edge; Advanced; Workbook | |
| 245 | 0 | |c Peter Moor, Sarah Cunningham | |
| 260 | |a England | ||
| 260 | |b Longman | ||
| 260 | |c 2003 | ||
| 650 | |a english language | ||
| 650 | |x texbooks for foreign speakers | ||
| 904 | |i Năm | ||
| 980 | |a Trung tâm Học liệu Trường Đại học Cần Thơ | ||